| Tag |
First Indicator |
Second Indicator |
Subfields |
| LEADER |
00000cam a2200000Ii 4500 |
| 001 |
in00002811863 |
| 005 |
20211120170719.0 |
| 006 |
m o d f |
| 007 |
cr bn||||||||| |
| 008 |
130104s2011 dcu o f000 0 eng d |
| 035 |
|
|
|a (OCoLC)ocn823344305
|
| 040 |
|
|
|a GPO
|b eng
|e rda
|c GPO
|d GPO
|d MvI
|d UtOrBLW
|
| 043 |
|
|
|a n-us---
|
| 049 |
|
|
|a WWW
|
| 074 |
|
|
|a 0546-D-09 (online)
|
| 086 |
0 |
|
|a GA 1.5/A-2:B-403476.2
|
| 110 |
1 |
|
|a United States.
|b Government Accountability Office,
|e author.
|
| 245 |
1 |
0 |
|a C.L. Price & Associates, Inc.
|
| 264 |
|
1 |
|a Washington, D.C. :
|b U.S. Government Accountability Office,
|c 2011.
|
| 300 |
|
|
|a 1 online resource (6 pages).
|
| 336 |
|
|
|a text
|b txt
|2 rdacontent
|
| 337 |
|
|
|a computer
|b c
|2 rdamedia
|
| 338 |
|
|
|a online resource
|b cr
|2 rdacarrier
|
| 490 |
1 |
|
|a Decision
|
| 500 |
|
|
|a Title from title screen (viewed on Jan 3, 2012).
|
| 500 |
|
|
|a "January 7, 2011."
|
| 500 |
|
|
|a "B-403476.2."
|
| 610 |
2 |
0 |
|a C.L. Price & Associates, Inc.
|
| 650 |
|
0 |
|a Contracting out
|z United States
|x Evaluation.
|
| 650 |
|
0 |
|a Letting of contracts
|x Government policy
|z United States
|x Evaluation.
|
| 830 |
|
0 |
|a Decision (United States. Government Accountability Office)
|
| 856 |
4 |
0 |
|u https://purl.fdlp.gov/GPO/gpo32739
|t 0
|
| 999 |
|
|
|a MARS
|
| 999 |
f |
f |
|s 34946641-4348-3d21-811a-3902fc036c76
|i b8e3ae08-d9e4-3529-ab83-5c18fcb1e18a
|t 0
|
| 952 |
f |
f |
|a Texas A&M University
|b College Station
|c Electronic Resources
|d Available Online
|t 0
|e GA 1.5/A-2:B-403476.2
|h Superintendent of Documents classification
|
| 998 |
f |
f |
|a GA 1.5/A-2:B-403476.2
|t 0
|l Available Online
|